000 00619cab a2200229 4500
001 ABS42756
008 090401t1990 xxu||||| |||| 00| 0 eng d
035 _a(Sirsi) u38722
041 _aeng
100 _aVan den Bos, J.
245 _aHungary: forget the office ... grab the telephone
260 _c1990
350 _a0
490 _aChartered Surveyor Weekly
_v31(8) 24 May 1990, 40(1)
520 _aA brief review of the emerging office market in Hungary .
650 _aEASTERN EUROPE
650 _aINVESTMENT
650 _aOVERSEAS
690 _aOVERSEAS-EUROPE
942 _n0
948 _c04/03/1997
999 _c24871
_d24871